<?xml version="1.0" encoding="UTF-8"?><?xml-stylesheet type="text/xsl" href="static/style.xsl"?><OAI-PMH xmlns="http://www.openarchives.org/OAI/2.0/" xmlns:xsi="http://www.w3.org/2001/XMLSchema-instance" xsi:schemaLocation="http://www.openarchives.org/OAI/2.0/ http://www.openarchives.org/OAI/2.0/OAI-PMH.xsd"><responseDate>2026-04-17T17:05:46Z</responseDate><request verb="GetRecord" identifier="oai:www.recercat.cat:10459.1/85402" metadataPrefix="marc">https://recercat.cat/oai/request</request><GetRecord><record><header><identifier>oai:recercat.cat:10459.1/85402</identifier><datestamp>2024-12-05T22:09:29Z</datestamp><setSpec>com_2072_3622</setSpec><setSpec>col_2072_479130</setSpec></header><metadata><record xmlns="http://www.loc.gov/MARC21/slim" xmlns:dcterms="http://purl.org/dc/terms/" xmlns:xsi="http://www.w3.org/2001/XMLSchema-instance" xmlns:doc="http://www.lyncode.com/xoai" xsi:schemaLocation="http://www.loc.gov/MARC21/slim http://www.loc.gov/standards/marcxml/schema/MARC21slim.xsd">
   <leader>00925njm 22002777a 4500</leader>
   <datafield ind2=" " ind1=" " tag="042">
      <subfield code="a">dc</subfield>
   </datafield>
   <datafield ind2=" " ind1=" " tag="720">
      <subfield code="a">Taull, Marc</subfield>
      <subfield code="e">author</subfield>
   </datafield>
   <datafield ind2=" " ind1=" " tag="260">
      <subfield code="c">2023-02-14T11:12:14Z</subfield>
   </datafield>
   <datafield ind2=" " ind1=" " tag="260">
      <subfield code="c">2023-02-14T11:12:14Z</subfield>
   </datafield>
   <datafield ind2=" " ind1=" " tag="260">
      <subfield code="c">2022</subfield>
   </datafield>
   <datafield ind2=" " ind1=" " tag="520">
      <subfield code="a">El silvopastoralisme ha patit un fort retrocés a les darreres dècades. Així, aquest tipus d’aprofitament no ha sigut aliè al procés d’èxode rural i el gran abandó dels boscos i terres agràries, que encara perdura avui en dia. S’ha passat del model d’explotació, on en una mateixa finca hi havia diversos tipus de ramats que aprofitaven recursos pastorals diferents: cultius, en alguns dels casos de superfícies molt petites -per exemple feixes estretes que s’anomen en algun lloc com “feixes de la fam”, i amb l’abandó han evolucionat cap a matollar o bosc-; d’entre les zones forestals hi havia bosc clar, matollar, i pastures; aquest model ha evolucionat cap un altre que es basa només en un sol tipus de ramat, en alguns casos de grans dimensions, i en que es pastura molt menys superfície forestal, i s’ha abandonat el cultiu de petites parcel·les. En força casos també s’han unit parcel·les mitjançant rompudes eliminant murs de pedra seca. Això ha provocat la pèrdua del mosaic agroforestal que caracteritzava el paisatge mediterrani. Estem davant d’una situació en que la combinació de l’abandó , la pèrdua del mosaïc agroforestal, i el canvi climàtic incideixen en un augment del risc de grans incendis forestals. Algunes administracions han emprès programes per incorporar el bestiar a les tasques de manteniment en àrees tallafocs o estratègiques per a la prevenció d’incendis.</subfield>
   </datafield>
   <datafield ind2=" " ind1=" " tag="520">
      <subfield code="a">Activitat finançada a través de l’Operació 01.02.01 de Transferència Tecnològica del Programa de desenvolupament rural de Catalunya 2014-2022</subfield>
   </datafield>
   <datafield ind1="8" ind2=" " tag="024">
      <subfield code="a">http://hdl.handle.net/10459.1/85402</subfield>
   </datafield>
   <datafield tag="653" ind2=" " ind1=" ">
      <subfield code="a">Silvopastoralism</subfield>
   </datafield>
   <datafield tag="653" ind2=" " ind1=" ">
      <subfield code="a">Rural exodus</subfield>
   </datafield>
   <datafield tag="653" ind2=" " ind1=" ">
      <subfield code="a">Agroforestry</subfield>
   </datafield>
   <datafield tag="653" ind2=" " ind1=" ">
      <subfield code="a">Agricultural land</subfield>
   </datafield>
   <datafield tag="653" ind2=" " ind1=" ">
      <subfield code="a">Pastures</subfield>
   </datafield>
   <datafield tag="653" ind2=" " ind1=" ">
      <subfield code="a">Climate change</subfield>
   </datafield>
   <datafield tag="653" ind2=" " ind1=" ">
      <subfield code="a">Fire prevention</subfield>
   </datafield>
   <datafield tag="653" ind2=" " ind1=" ">
      <subfield code="a">Forest fires</subfield>
   </datafield>
   <datafield tag="653" ind2=" " ind1=" ">
      <subfield code="a">Livestock</subfield>
   </datafield>
   <datafield ind2="0" ind1="0" tag="245">
      <subfield code="a">Pastoralisme en àrees estratègiques per a prevenció d'incendis forestals</subfield>
   </datafield>
</record></metadata></record></GetRecord></OAI-PMH>